00307 a2200097 4500001001000000005001700010008004100027245004800068100003100116773006200147ART_4148520260410162001.0260409a 10a¿Reforma judicial: políticas públicas?1 aVanossi, Jorge Reinaldo A.0 tPensar en derechog- Año 4, Nº 6 (ago. 2015)wREV28996